New Regulations and Their Impact on Small and Medium Enterprises in Slovak Republic

Analýza právnych foriem spoločností na Slovensku a ich postavenie založené na analýze stavu MSP a vplyvu nových právnych predpisov.

Gespeichert in:
Bibliographische Detailangaben
1. Verfasser: Strážovská, Ľubomíra
Weitere Verfasser: Jančíková, Eva, 1960-
Format: Buchkapitel
Sprache:Englisch
Schlagworte:
Tags: Tag hinzufügen
Keine Tags, Fügen Sie das erste Tag hinzu!

MARC

LEADER 00000nla a2200000 4500
001 0231210
005 20240502083620.7
041 0 |a eng 
044 |a UA 
245 1 0 |a New Regulations and Their Impact on Small and Medium Enterprises in Slovak Republic  |c Ľubomíra Strážovská, Eva Jančíková 
520 |a Analýza právnych foriem spoločností na Slovensku a ich postavenie založené na analýze stavu MSP a vplyvu nových právnych predpisov. 
610 2 0 |a prostredie podnikateľské 
610 2 0 |a Slovensko 
610 2 0 |a podnik malý 
610 2 0 |a podnik stredný 
610 2 0 |a mikropodnik 
610 2 0 |a živnostníci 
610 2 0 |a predpisy právne 
610 2 0 |a podnikatelia 
100 1 |a Strážovská, Ľubomíra 
700 1 |a Jančíková, Eva, 1960-